Изучение влияния диффузной части двойного электрического слоя на адсорбцию органических соединений на границе ртуть/раствор: автореферат диссертации на соискание ученой степени кандидата химических наук; спец. 02.00.05

Sonraí bibleagrafaíochta
Príomhchruthaitheoir: Куряков Ю. Н. Юрий Николаевич
Údar corparáideach: Московский государственный университет им. М. В. Ломоносова (МГУ)
Rannpháirtithe: Дамаскин Б. Б. (научный руководитель), Дяткина С. Л.
Achoimre:Защита сост. 15.02.1978 г.
Teanga:Rúisis
Foilsithe / Cruthaithe: Москва, [Б. и.], 1978
Ábhair:
Formáid: MixedMaterials LEABHAR
KOHA link:https://koha.lib.tpu.ru/cgi-bin/koha/opac-detail.pl?biblionumber=336361

MARC

LEADER 00000nam0a2200000 4500
001 336361
005 20231102004839.0
035 |a (RuTPU)RU\TPU\book\362777 
090 |a 336361 
100 |a 20171012d1978 k y0rusy50 ca 
101 0 |a rus 
102 |a RU 
105 |a a dm 001zy 
200 1 |a Изучение влияния диффузной части двойного электрического слоя на адсорбцию органических соединений на границе ртуть/раствор  |e автореферат диссертации на соискание ученой степени кандидата химических наук  |e спец. 02.00.05  |f Ю. Н. Куряков  |g Московский государственный университет им. М. В. Ломоносова (МГУ) ; науч. рук. Б. Б. Дамаскин, С. Л. Дяткина 
210 |a Москва  |c [Б. и.]  |d 1978 
215 |a 16 с.  |c ил. 
300 |a Защита сост. 15.02.1978 г. 
320 |a Библиогр.: с. 16 (4 назв.) 
606 1 |a Электрохимия  |2 stltpush  |3 (RuTPU)RU\TPU\subj\21014  |9 46066 
610 1 |a электрические слои 
610 1 |a диффузия 
610 1 |a влияние 
610 1 |a органические соединения 
610 1 |a адсорбция 
610 1 |a ртуть 
610 1 |a растворы 
610 1 |a адсорбционные слои 
610 1 |a конденсация 
610 1 |a библиотека А. Г. Стромберга 
610 1 |a авторефераты диссертаций 
675 |a 544.6(04)  |v 4 
686 |a 02.00.05  |2 oksvnk 
700 1 |a Куряков  |b Ю. Н.  |g Юрий Николаевич 
702 1 |a Дамаскин  |b Б. Б.  |4 727 
702 1 |a Дяткина  |b С. Л.  |4 727 
712 0 2 |a Московский государственный университет им. М. В. Ломоносова (МГУ)  |2 stltpush  |3 (RuTPU)RU\TPU\col\7 
801 1 |a RU  |b 63413507  |c 20171012 
801 2 |a RU  |b 63413507  |c 20180202  |g RCR 
942 |c BK